000 01123nam a22002655i 4500
001 166562
003 ES-MaACL
005 20251003181315.0
008 050915s1574 it a | |||||||| ||ita d
040 _aCAM
_bspa
_cCAM
100 1 _aToscanella, Orazio.
_9133346
245 1 0 _aBellezze del Furioso di M. Lodouico Ariosto /
_cscielte da Oratio Toscanella, con gli argomenti et allegorie de i canti... ; et con i Luochi communi dell'autore per ordine di alfabeto ; del medesimo.
260 _aIn Venetia :
_bappresso Pietro de i Franceschi & nepoti,
_c1574.
300 _a[12], 327[i.e. 330], [58] p. ;
_c4º.
596 _aColofón.
596 _aMarca tip. en ports.
597 _aSign.: *6, A-Z4, Aa-Zz44, AAa4, BBb6.
597 _aError de pág. en la última p. de la secuencia numerada.
597 _aPort. y texto fileteado.
597 _aSegunda obra con port. propia.
599 _aIl. xil. al comienzo de cada canto.
600 1 7 _aAriosto, Ludovico,
_d1474-1533.
_tOrlando Furioso-
_vComentarios
_2
_9125701
852 _aES-MaACL
_jR-380
_z-- Enc. hol.
_x Olim: G-265
999 _c166562
_d166562